000 01198nac a22002771u 4500
010 _a 2002028088
020 _a0471877417 (pbk. : acid-free paper)
082 0 0 _a668.4192
_bAZA
090 _c8453
_d8453
100 _aAzapagic, Adisa.
245 1 0 _aPolymers : the environment and sustainable development /
_bthe environment and sustainable development /
_cAdisa Azapagic, Alan Emsley, Ian Hamerton ; edited by Ian Hamerton.
246 1 _aPolymers, the environment and sustainable development.
260 _aWest Sussex, England ;
_aHoboken, NJ :
_bJ. Wiley,2003.
_cc2003.
300 _axii, 219 p. :
_bill. (some col.) ;
_c24 cm.
500 _aDistributer: Al-Ahram
504 _aIncludes bibliographical references and index.
511 _aCatalogued by: Sara
650 0 _aPlastics
_xRecycling.
650 0 _aSustainable development.
700 1 _aEmsley, Alan.
700 1 _aHamerton, Ian.
700 1 _aHamerton, Ian .
856 4 2 _3Publisher description
_uhttp://www.loc.gov/catdir/description/wiley034/2002028088.html
856 4 2 _3Table of contents
_uhttp://www.loc.gov/catdir/toc/wiley031/2002028088.html
942 _cBB
_k668.4192AZA
999 _c8453
_d8453